| 000 | 00436nam a2200193Ia 4500 | ||
|---|---|---|---|
| 003 | 0100 | ||
| 005 | 20140409143758.0 | ||
| 008 | 130307s9999 xx 000 0 und d | ||
| 040 | _cARRUPELIB | ||
| 050 | _aDT776.R4 1933 | ||
| 100 |
_aMillin, Sarah Gertrude _99866 |
||
| 245 | _aRhodes | ||
| 260 | _aLondon | ||
| 260 | _bChatto and Windus | ||
| 260 | _c1933 | ||
| 300 | _avi | ||
| 300 | _b389p. 22cm. | ||
| 942 |
_2lcc _cMONOGRAPH |
||
| 999 |
_c86332 _d86332 |
||